The stone woman (Record no. 552)

MARC details
000 -LEADER
fixed length control field 00420 a2200169 4500
001 - CONTROL NUMBER
control field 066504
003 - CONTROL NUMBER IDENTIFIER
control field OSt
005 - DATE AND TIME OF LATEST TRANSACTION
control field 20210930160507.0
008 - FIXED-LENGTH DATA ELEMENTS--GENERAL INFORMATION
fixed length control field
082 ## - DEWEY DECIMAL CLASSIFICATION NUMBER
Classification number 823.914
Item number A41S
100 1# - MAIN ENTRY--PERSONAL NAME
Personal name Ali, Tariq
245 1# - TITLE STATEMENT
Title The stone woman
Statement of responsibility, etc by Tariq Ali
260 ## - PUBLICATION, DISTRIBUTION, ETC. (IMPRINT)
Place of publication, distribution, etc Calcutta
Name of publisher, distributor, etc Seagull Books
Date of publication, distribution, etc 2000
300 ## - PHYSICAL DESCRIPTION
Extent 274p.
690 ## - LOCAL SUBJECT ADDED ENTRY--TOPICAL TERM (OCLC, RLIN)
Topical term or geographic name as entry element Turkey; Black Sea--Sea of Marmara Region
942 ## - ADDED ENTRY ELEMENTS (KOHA)
Source of classification or shelving scheme Dewey Decimal Classification
Koha item type Books
Holdings
Withdrawn status Lost status Source of classification or shelving scheme Damaged status Not for loan Collection code Home library Current library Date acquired Source of acquisition Cost, normal purchase price Total Checkouts Full call number Barcode Date last seen Date checked out Price effective from Koha item type
    Dewey Decimal Classification     General Text Book Central University Of Rajasthan Central University Of Rajasthan 07/03/2012 ENG 295.00 3 823.914 A41S 790 16/02/2026 27/01/2026 02/09/2020 Books